[Event "POL-chT3 Dolnoslaskie 1617"]
[Site "Poland"]
[Date "2017.02.05"]
[Round "7.9"]
[White "Szydelko, Kazimierz"]
[Black "Lopusiewicz, Janusz"]
[Result "0-1"]
[WhiteElo "1704"]
[BlackElo "1917"]
[PlyCount "68"]
[EventDate "2016.10.16"]
[EventType "team-tourn"]
[EventRounds "11"]
[EventCountry "POL"]
[SourceTitle "EXT 2018"]
[Source "ChessBase"]
[SourceDate "2017.10.13"]
[SourceVersion "1"]
[SourceVersionDate "2017.10.13"]
[SourceQuality "1"]

1. d4 d6 2. c4 e5 3. d5 Nf6 4. Nc3 Bf5 5. Bg5 Be7 6. Bxf6 gxf6 7. e4 Bg6 8. g4 h5 9. Be2 Na6 10. gxh5 Bh7 11. Bg4 Nc5 12. Qf3 f5 13. exf5 Bg5 14. Ne4 Nxe4 15. Qxe4 Rg8 16. Ne2 Qf6 17. 0-0 Bf4 18. h3 Bxf5 19. Qg2 Bxg4 20. hxg4 Qh4 21. f3 Be3+ 22. Rf2 f5 23. Qg3 Qxg3+ 24. Nxg3 fxg4 25. Kg2 Bxf2 26. Kxf2 Rf8 27. Rg1 Rxf3+ 28. Ke2 Ke7 29. Ne4 Rg8 30. h6 Rh3 31. Nf2 Rxh6 32. Nxg4 Rhg6 33. Kf3 Rf8+ 34. Kg3 Rxg4+ 0-1

[Event "POL-chT3 Dolnoslaskie 1617"]
[Site "Poland"]
[Date "2016.11.06"]
[Round "2.15"]
[White "Bocko, Stanislaw"]
[Black "Lopusiewicz, Janusz"]
[Result "1/2-1/2"]
[WhiteElo "1971"]
[BlackElo "1917"]
[PlyCount "32"]
[EventDate "2016.10.16"]
[EventType "team-tourn"]
[EventRounds "11"]
[EventCountry "POL"]
[SourceTitle "EXT 2018"]
[Source "ChessBase"]
[SourceDate "2017.10.13"]
[SourceVersion "1"]
[SourceVersionDate "2017.10.13"]
[SourceQuality "1"]

1. e4 c5 2. Nf3 e6 3. d4 cxd4 4. Nxd4 Nf6 5. Bd3 Nc6 6. Nxc6 bxc6 7. 0-0 d5 8. exd5 cxd5 9. Bg5 Be7 10. Nd2 0-0 11. Qe2 Nd7 12. Bxe7 Qxe7 13. c4 Bb7 14. Rac1 Rac8 15. cxd5 Bxd5 16. Be4 Nb6 1/2-1/2